Drag Me Under | Sleep Token Lyrics - Statistics

General Stats
  • This quiz has been taken 4 times
  • The average score is 79 of 93
Answer Stats
Answer % Correct
again
100%
again
100%
And
100%
And
100%
And
100%
And
100%
And
100%
angels
100%
angels
100%
Drag
100%
Drag
100%
I
100%
I
100%
I
100%
I
100%
I
100%
(in)
100%
know
100%
know
100%
know
100%
love,
100%
love,
100%
love)
100%
me
100%
me
100%
me)
100%
oh
100%
oh
100%
The
100%
The
100%
the
100%
The
100%
the)
100%
under
100%
under
100%
we
100%
we
100%
we
100%
will
100%
you
100%
you
100%
you
100%
Abandon
75%
am
75%
am
75%
are
75%
are
75%
As
75%
As
75%
As
75%
As
75%
Behold
75%
Behold
75%
Behold
75%
(beneath
75%
Deep
75%
Deep
75%
(deep)
75%
down
75%
down
75%
down
75%
find
75%
for
75%
gods
75%
heavens
75%
into
75%
into
75%
just
75%
lie
75%
lie
75%
lie
75%
lost
75%
merely
75%
merely
75%
merely
75%
(surface)
75%
To
75%
to
75%
To
75%
To
75%
(to
75%
together
75%
together
75%
together
75%
tonight
75%
tonight
75%
us
75%
words
75%
your
75%
your
75%
your
75%
(pull
25%
Suffering
0%
No matching quizzes found
Score Distribution
Percent of People with Each Score
Percentile by Number Answered
Your Score History
You have not taken this quiz